Polarons and excitons /

Bibliographic Details
Corporate Author: Scottish Universities Summer School in Physics St. Andrews, Scot.
Other Authors: Kuper, C. G., Whitfield, G. D. (George Danley), 1934-
Format: Conference Proceeding Book
Language:English
Published: New York : Plenum Press, [1963]
Subjects:

MARC

Tag First Indicator Second Indicator Subfields
LEADER 00000cam a2200000 4500
001 in00000050336
005 20151007065855.0
008 740426s1963 nyu b 00000 eng u
010 |a  63021217  
035 |a (OCoLC)00871068 
035 |9 AAE2873AM 
040 |c NED  |d TXA  |d UtOrBLW 
049 |a TXAM  |c [367625] 
050 0 |a QC176  |b .S365 1962 
082 0 |a 537.622 
092 |a 537.622  |b S431p, 1963 
111 2 |a Scottish Universities Summer School in Physics  |n (3d :  |d 1962 :  |c St. Andrews, Scot.) 
245 1 0 |a Polarons and excitons /  |c Edited by C. G. Kuper and G. D. Whitfield. 
264 1 |a New York :  |b Plenum Press,  |c [1963] 
300 |a xvi, 381 pages :  |b group portrait, diagrams ;  |c 26 cm. 
336 |a text  |b txt  |2 rdacontent 
337 |a unmediated  |b n  |2 rdamedia 
338 |a volume  |b nc  |2 rdacarrier 
504 |a Includes bibliographies. 
650 0 |a Polarons. 
650 0 |a Exciton theory. 
700 1 |a Kuper, C. G. 
700 1 |a Whitfield, G. D.  |q (George Danley),  |d 1934- 
999 |a MARS 
999 f f |s a9a0751b-1340-3fb6-9f7a-9ff2e6a68b81  |i 8952cc5c-ac8b-3f7a-8b88-655113ce33bc  |t 0 
952 f f |p ric  |a Texas A&M University  |b Rellis Campus  |c Joint Library Facility  |d Remote Storage  |t 0  |e QC176 .S365 1962  |h Library of Congress classification  |i unmediated -- volume  |m A14800925451 
998 f f |a QC176 .S365 1962  |t 0  |l Remote Storage